000 00304nam a2200121Ia 4500
005 20251222142013.0
008 251222s9999||||xx |||||||||||||| ||spa||
082 _a657.45/C25
100 _aCanevaro, Nicolás
245 0 _aEl Auditor Financiero y sus Papeles de Trabajo
264 _bFAVAL
942 _cLIB
999 _c10387
_d10387